Something, Somehow, Someday (All Lyrics) - Role Model - Statistics

General Stats
  • This quiz has been taken 23 times
  • The average score is 144 of 193
Answer Stats
Answer % Correct
a
100%
he's
100%
He's
100%
I
100%
me
100%
She's
100%
some
100%
someday
100%
someday,
100%
Something,
100%
Well,
100%
who
100%
be
92%
needs
92%
night
92%
somehow,
92%
the
92%
to
92%
believe
83%
foolish
83%
Friday
83%
in
83%
loose
83%
man
83%
meant
83%
medication
83%
an
75%
And
75%
cannon,
75%
hates
75%
honeymoon
75%
on
75%
open
75%
Rome
75%
sign,
75%
sign
75%
they're
75%
vacation
75%
blue
67%
ear,
67%
from
67%
no
67%
occasion
67%
Oh,
67%
peace
67%
shoe
67%
sky,
67%
souvenir,
67%
time,
67%
up,
67%
fixer
58%
obligation
58%
reads
58%
record
58%
skipping
58%
slutty
58%
supper,
58%
tea
58%
tied,
58%
upper,
58%
Yeah,
58%
bad
50%
barely
50%
But
50%
complication
50%
door
50%
dream,
50%
drinker
50%
drinking,
50%
druggie
50%
evaluation
50%
Ford
50%
it's
50%
nicotine,
50%
runs
50%
shop,
50%
shut,
50%
thinking,
50%
truck,
50%
welcome
50%
clear
42%
East
42%
got
42%
home
42%
jeans
42%
plane
42%
ride
42%
rolled,
42%
situation
42%
thought,
42%
whiskey
42%
Coast,
33%
communication
33%
conversations
33%
cut,
33%
destination
33%
motivation
33%
of
33%
pixie
33%
Yes,
33%
dirty
25%
ma'am
25%
piece
25%
shirt,
25%
with
25%
work,
25%
pinky
17%
plenty
17%
No matching quizzes found
Score Distribution
Percent of People with Each Score
Percentile by Number Answered
Your Score History
You have not taken this quiz